Освајачи купа Србије у фудбалу - Statistics

General Stats
  • This quiz has been taken 1 019 times
    183 since last reset
  • The average score is 18 of 19
Answer Stats
Година Освајач % Correct
2019 Партизан
100%
2018 Партизан
100%
2017 Партизан
100%
2016 Партизан
100%
2011 Партизан
100%
2009 Партизан
100%
2008 Партизан
100%
2025 Црвена звезда
99%
2024 Црвена звезда
99%
2023 Црвена звезда
99%
2022 Црвена звезда
99%
2021 Црвена звезда
99%
2012 Црвена звезда
99%
2010 Црвена звезда
99%
2007 Црвена звезда
99%
2020 Војводина
91%
2014 Војводина
91%
2015 Чукарички
66%
2013 Јагодина
50%
No matching quizzes found
Score Distribution
Percent of People with Each Score
Percentile by Number Answered
Your Score History
You have not taken this quiz since the last reset